000 00668nam a2200277Ia 4500
005 20260324115451.0
008 008 260324s9999 xx 000 0 eng d
020 _a9781315154404
037 _aEBOOK
040 _aCRL
040 _beng
040 _cCRL
041 _2eng
041 _aeng
084 _qCRL
100 _aƁukasz Komsta; Yvan Vander Heyden; Joseph Sherma
_91154778
245 0 _aChemometrics in Chromatography
260 _bTaylor and Francis
260 _c2018
365 _a
365 _b465
856 _uhttp://www.taylorfrancis.com/books/9781315154404
942 _cEBOOK
999 _c1745679
_d1745679